00147nam a2200061Ia 4500008004100000100001900041245002500060120527s9999 xx 000 0 und d aMiller, Henry  aThe Rosy crucifixion